Countries Where Religion is Most Important - Statistics

General Stats
  • This quiz has been taken 70 times
  • The average score is 9 of 20
Answer Stats
% Country % Correct
97 Egypt
72%
99 Indonesia
71%
99 Yemen
65%
97 Morocco
62%
100 Niger
62%
100 Ethiopia
58%
100 Oman
58%
97 Afghanistan
57%
100 Somalia
52%
100 Bangladesh
48%
97 Thailand
46%
97 Myanmar
45%
97 Laos
42%
98 Mauritania
39%
98 Djibouti
35%
99 Sri Lanka
28%
97 Guinea
23%
97 Comoros
22%
98 Burundi
16%
99 Malawi
14%
No matching quizzes found
Score Distribution
Percent of People with Each Score
Percentile by Number Answered
Your Score History
You have not taken this quiz